00550nam a2200193Ia 4500003000900000008004100009040001300050040001300063041000800076100002000084245001500104260001400119260000900133300000800142490000600150942000700156999001300163952018000176IT-RoPAU120407s9999 xx 000 0 und d aIT-RoPAU cIT-RoPAU aita aArdengo Soffici aServa Arte aVallecchi c1943 c cm v1 cBK c423d423 00102ddc406850_00000000000000071aPAULUSbPAULUSd2012-04-11l0o850.0r2012-04-11 00:00:00w2012-04-11yBKzInserito da: In data: n.d. fondo: Via A.Severo 56 Progr:32723